मोहन राकेश के नाटकों में स्त्री संघर्ष का स्वरुप/ (Record no. 206400)

MARC details
000 -LEADER
fixed length control field 00914nam a22001937a 4500
005 - DATE AND TIME OF LATEST TRANSACTION
control field 20241015112624.0
010 ## - LCCN (DPL NO)
LC control number HIN-128621
020 ## - INTERNATIONAL STANDARD BOOK NUMBER
International Standard Book Number 9788179653425
Terms of availability 500.00
035 ## - SYSTEM CONTROL NUMBER
System control number HN-100967
037 ## - SOURCE OF ACQUISITION
Source of stock number/acquisition DBAD
082 ## - DEWEY DECIMAL CLASSIFICATION NUMBER
Classification number 822.03
Edition number प्रथम
100 ## - MAIN ENTRY--PERSONAL NAME
Personal name सोनम सिंह
245 ## - TITLE STATEMENT
Title मोहन राकेश के नाटकों में स्त्री संघर्ष का स्वरुप/
Statement of responsibility, etc सोनम सिंह
250 ## - EDITION STATEMENT
Edition statement प्रथम
260 ## - PUBLICATION, DISTRIBUTION, ETC. (IMPRINT)
Place of publication, distribution, etc दिल्ली
Name of publisher, distributor, etc तक्षशिला प्रकाशन
Date of publication, distribution, etc 2022
270 ## - ADDRESS
Address 98-ए, हिंदी पार्क, दरियागंज
City नई दिल्ली
Postal code 110002
Electronic mail address info@taxshilabooks.in
-- taxshilabooks@gmail.com
Telephone number 011 43528469
-- 011 23258802
300 ## - PHYSICAL DESCRIPTION
Extent 143 पृ.
Dimensions 23 सेमी (सजिल्द)
942 ## - ADDED ENTRY ELEMENTS (KOHA)
Item type Hindi Books
Source of classification or shelving scheme Dewey Decimal Classification
Classification part 822.03
Call number suffix सोनम
Edition 2022
Holdings
Withdrawn status Lost status Not for loan Collection code Home library Current library Date acquired Source of acquisition Cost, normal purchase price Full call number Barcode Copy number Cost, replacement price Koha item type
      Non-fiction Bawana Bawana 15/10/2024 DBAD 500.00 822.03 सोनम HN-100967 1 500.00 Hindi Books

© Delhi Public Library
Hit Counter
free hit counter